1425 1287 1207 1571 1627 1038 1813 1919 1736 1257 1085 1165 1390 1127 1251 1584 1011 1421 1625 1142 1225 1641 1535 1717 1878 1667 1371 1503 1453 1504 1559 1380 1960 1790 1795 1837 1113 1058 1035 1919 1749 1877 1419 1882 1010 1576 1474 1140 1759 1017 1862 1573 1330 1623 1406 1280 1128 1275 1537 1420 1542 1116 1954 1449 1187 1264 1319 1023 1468 1016 1189 1029 1453 1866 1461 1537 1282 1019 1911 1947 1935 1146 1049 1904 1817 1392 1216 1324 1725 1659 1475 1189 1850 1993 1677 1857 1151 1865 1173 BCNSPRNW ULIB Ver.6.0+V

เปลี่ยนเป็นภาษาไทย

Change to English
 แสดงรายละเอียดบรรณานุกรม
  กลับหน้าหลัก

Brief Record : Get Marc (ISO 2709) : E-mail record : QR code < ปิดหน้าต่าง
LEADER : 00000nam 2200000uu 4500
001    13399111053
003     ULIB
008    110615s||||||||th 000 0 tha d
020    9786167042008
050 04 BF412^bน136ค 2552
100 0  นงนภัส คู่วรัญญู เที่ยงกมล
245 10 ความสุขและอัจฉริยะสร้างได้ก่อนเกิด /^cนงนภัส คู่วรัญญู เที่ยงกมล
260    กรุงเทพฯ :^bปราชญ์,^c2552
300    223 หน้า :^bภาพประกอบ
504    บรรณานุกรม: หน้า 223-[224]
650  7 เด็ก^xการดูแล
650  7 เด็กพิเศษ
650  7 อัจฉริยภาพ
945    ^p165^l0^i027634
995    ทศพร
999 ^a ใช้งานได้ทุกระบบ
รายการนี้ยังไม่มีแท็ก
คุณยังไม่ได้ล็อกอิน คุณสามารถมีกิจกรรมร่วมกับเว็บไซต์ได้ แต่ต้องล็อกอินก่อน ::
  ล็อกอิน

รายการสื่อสารสนเทศ

ลำดับที่ ประเภท เลขเรียก/บาร์โค้ด สถานที่ สถานะ
- ไม่พบข้อมูล -

รายการใกล้เคียง
    ผู้แต่ง [นงนภัส คู่วรัญญู เที่ยงกมล]

    หัวเรื่อง [เด็ก การดูแล]
    หัวเรื่อง [เด็กพิเศษ]
    หัวเรื่อง [อัจฉริยภาพ]

BibComment


ยังไม่เคยถูกคอมเมนท์

คอมเมนท์ทรัพยากรรายการนี้
  คอมเมนท์: ความสุขและอัจฉริย..


 Copyright 2026. Bcnsprnw @Library